| 000 | nam a22 7a 4500 | ||
|---|---|---|---|
| 999 |
_c126518 _d126518 |
||
| 008 | 170724b xxu||||| |||| 00| 0 eng d | ||
| 050 | _aHD57.7.M3937 2007 | ||
| 100 |
_aMaxwell, John C. _933462 |
||
| 245 |
_aThe 21 Irrefutable laws of leadership _bFollow them and people will follow you _c/ John C. Maxwell |
||
| 260 |
_aNashville _bThomas Nelson _c2007 |
||
| 300 |
_axxi, 309p. ; _c22cm. |
||
| 650 |
_aLeadership _96573 |
||
| 650 |
_aIndustrial management _912291 |
||
| 942 |
_2lcc _cMONOGRAPH |
||